[Event "Novi Sad Vojvodina op 12th"]
[Site "Novi Sad"]
[Date "2022.07.24"]
[Round "1"]
[White "Atalik, Suat"]
[Black "Kortenbusch, Christoph"]
[Result "1-0"]
[WhiteElo "2446"]
[BlackElo "2138"]
[PlyCount "49"]
[EventDate "2022.07.24"]
[EventType "swiss"]
[EventRounds "9"]
[EventCountry "SRB"]
[SourceTitle "CBM 209 Extra"]
[Source "ChessBase"]
[SourceDate "2022.09.30"]
[SourceVersion "1"]
[SourceVersionDate "2022.09.30"]
[SourceQuality "1"]

1. d4 Nf6 2. c4 c5 3. d5 b5 4. cxb5 a6 5. e3 Bb7 6. Nc3 Qa5 7. Bd2 axb5 8. Bxb5 Qb6 9. Qf3 e6 10. e4 exd5 11. exd5 Nxd5 12. Nxd5 Qe6+ 13. Ne2 Bxd5 14. Qc3 Qf6 15. Qxf6 gxf6 16. 0-0 Rg8 17. Nf4 Be6 18. Bc3 Be7 19. a4 Na6 20. Nxe6 fxe6 21. Rad1 Nb8 22. Rfe1 Kf7 23. f4 f5 24. Rd3 d5 25. Rh3 1-0

[Event "Ruhrgebiet Verbandsliga Gruppe 1 1617"]
[Site "Germany"]
[Date "2017.02.19"]
[Round "7.4"]
[White "Kortenbusch, Christoph"]
[Black "Loeffelbein, Klaus"]
[Result "1-0"]
[WhiteElo "2026"]
[BlackElo "1849"]
[PlyCount "93"]
[EventDate "2016.09.04"]
[EventType "team-tourn"]
[EventRounds "9"]
[EventCountry "GER"]
[SourceTitle "EXT 2022"]
[Source "ChessBase"]
[SourceDate "2021.10.06"]
[SourceVersion "1"]
[SourceVersionDate "2021.10.06"]
[SourceQuality "1"]
[WhiteTeam "Holsterhausen SK"]
[BlackTeam "Gerthe Werne"]
[WhiteTeamCountry "GER"]
[BlackTeamCountry "GER"]

1. e4 c5 2. Nc3 Nc6 3. Bb5 Nd4 4. Bc4 e6 5. Nge2 Nf6 6. 0-0 d5 7. exd5 exd5 8. Nxd4 dxc4 9. Re1+ Be7 10. Nf3 0-0 11. Qe2 Re8 12. Qxc4 Be6 13. Rxe6 fxe6 14. Qxe6+ Kh8 15. Ne5 Rf8 16. Nf7+ Rxf7 17. Qxf7 Qd7 18. d3 Rf8 19. Qc4 Ng4 20. Bf4 Qf5 21. f3 Bh4 22. fxg4 Qxf4 23. Qxf4 Rxf4 24. Rf1 Bg5 25. Ne4 Rxf1+ 26. Kxf1 Be3 27. Ke2 Bg1 28. h3 b6 29. Ng5 Bd4 30. c3 Bf6 31. Ne4 Be5 32. Nd2 g6 33. a4 Kg8 34. Ke3 Kf7 35. Ke4 Ke6 36. Nf3 Bf6 37. d4 Be7 38. h4 Kd6 39. g3 a6 40. Ne5 b5 41. axb5 axb5 42. Nf7+ Kc7 43. Kd5 Kb6 44. Ng5 cxd4 45. cxd4 h6 46. Ne4 Bb4 47. Ke6 1-0

[Event "Ruhrgebiet Verbandsliga Gruppe 1 1617"]
[Site "Germany"]
[Date "2016.09.25"]
[Round "2.4"]
[White "Kortenbusch, Christoph"]
[Black "Gross, Thomas"]
[Result "1/2-1/2"]
[WhiteElo "2036"]
[BlackElo "1951"]
[PlyCount "85"]
[EventDate "2016.09.04"]
[EventType "team-tourn"]
[EventRounds "9"]
[EventCountry "GER"]
[SourceTitle "EXT 2022"]
[Source "ChessBase"]
[SourceDate "2021.10.06"]
[SourceVersion "1"]
[SourceVersionDate "2021.10.06"]
[SourceQuality "1"]
[WhiteTeam "Holsterhausen SK"]
[BlackTeam "Oberhausen SV II"]
[WhiteTeamCountry "GER"]
[BlackTeamCountry "GER"]

1. e4 c6 2. d4 d5 3. exd5 cxd5 4. c4 Nf6 5. Nc3 Nc6 6. Nf3 Be6 7. c5 g6 8. Bb5 Bg7 9. Ne5 Bd7 10. Bxc6 bxc6 11. 0-0 0-0 12. Re1 Qc8 13. a3 Re8 14. f3 Qa6 15. Qe2 Qxe2 16. Nxe2 a5 17. Bg5 Red8 18. b4 h6 19. Bd2 Ne8 20. bxa5 Nc7 21. Rab1 Ne6 22. Nxd7 Rxd7 23. Bc3 Rda7 24. Rb6 Rxa5 25. Bxa5 Rxa5 26. Rxc6 Nxd4 27. Rc8+ Kh7 28. c6 Rc5 29. Nxd4 Bxd4+ 30. Kf1 e6 31. a4 Rc2 32. Rd1 Be3 33. a5 Kg7 34. a6 Kf6 35. Ra1 d4 36. Rd1 Kg7 37. a7 d3 38. a8Q Rf2+ 39. Ke1 Re2+ 40. Kf1 Rf2+ 41. Ke1 Re2+ 42. Kf1 Rf2+ 43. Ke1 1/2-1/2

[Event "Ruhrgebiet Regionalliga 1415"]
[Site "Germany"]
[Date "2015.03.15"]
[Round "7.5"]
[White "Linde, Wolfgang"]
[Black "Kortenbusch, Christoph"]
[Result "1/2-1/2"]
[WhiteElo "2120"]
[BlackElo "2022"]
[PlyCount "73"]
[EventDate "2014.09.28"]
[EventType "team-tourn"]
[EventRounds "9"]
[EventCountry "GER"]
[SourceTitle "EXT 2022"]
[Source "ChessBase"]
[SourceDate "2021.10.06"]
[SourceVersion "1"]
[SourceVersionDate "2021.10.06"]
[SourceQuality "1"]
[WhiteTeam "Welper SV"]
[BlackTeam "Holsterhausen SK"]
[WhiteTeamCountry "GER"]
[BlackTeamCountry "GER"]

1. e4 c5 2. c3 d5 3. exd5 Qxd5 4. d4 Nf6 5. Nf3 Bg4 6. Be2 e6 7. h3 Bh5 8. 0-0 Nc6 9. Be3 cxd4 10. cxd4 Bb4 11. Nc3 Qd6 12. Qb3 0-0 13. Rfd1 Rfd8 14. Rac1 Nd5 15. Nxd5 Qxd5 16. Bc4 Qf5 17. Bd3 Qd5 18. Qxd5 exd5 19. g4 Bg6 20. Bb5 Na5 21. Bf4 a6 22. Bf1 Nc6 23. Bc7 Rd7 24. Bb6 f6 25. Nh4 Kf7 26. Nxg6 hxg6 27. Kg2 Nd8 28. f4 Ne6 29. f5 gxf5 30. gxf5 Ng5 31. Rc2 Rh8 32. Rd3 Rh4 33. Re3 Ne4 34. Bd3 Rh5 35. Bxe4 dxe4 36. Rxe4 Rxf5 37. Rc4 1/2-1/2

[Event "Ruhrgebiet Regionalliga 1415"]
[Site "Germany"]
[Date "2015.02.22"]
[Round "6.6"]
[White "Strathoff, Martin"]
[Black "Kortenbusch, Christoph"]
[Result "1/2-1/2"]
[WhiteElo "2049"]
[BlackElo "2022"]
[PlyCount "94"]
[EventDate "2014.09.28"]
[EventType "team-tourn"]
[EventRounds "9"]
[EventCountry "GER"]
[SourceTitle "EXT 2022"]
[Source "ChessBase"]
[SourceDate "2021.10.06"]
[SourceVersion "1"]
[SourceVersionDate "2021.10.06"]
[SourceQuality "1"]
[WhiteTeam "Brackel SF"]
[BlackTeam "Holsterhausen SK"]
[WhiteTeamCountry "GER"]
[BlackTeamCountry "GER"]

1. d4 Nf6 2. c4 e5 3. dxe5 Ng4 4. e4 Nxe5 5. f4 Ng6 6. Nf3 Bb4+ 7. Bd2 Qe7 8. Kf2 Bc5+ 9. Kg3 h5 10. h4 Qxe4 11. Qe2 Qxe2 12. Bxe2 Ne7 13. b4 Nf5+ 14. Kh2 Be7 15. Nc3 Bxb4 16. Bd3 Nh6 17. Rhe1+ Kd8 18. Rab1 a5 19. Be4 Nc6 20. Bd5 Ne7 21. Be4 d6 22. g3 Bf5 23. Bxb7 Bxb1 24. Bxa8 Kd7 25. Bb7 Bf5 26. Nd5 Nxd5 27. cxd5 Bxd2 28. Bc6+ Kd8 29. Nxd2 Bd7 30. Rb1 Bxc6 31. Rb8+ Ke7 32. Rxh8 Bxd5 33. Rc8 Kd7 34. Rb8 Bxa2 35. Ra8 Ng4+ 36. Kg1 Bd5 37. Rxa5 Nf6 38. Kf2 g6 39. Ke3 Ke6 40. Nf3 Ng4+ 41. Ke2 c5 42. Ra7 f6 43. Nd2 Bc6 44. Rg7 Bb5+ 45. Kf3 Bc6+ 46. Ke2 Bb5+ 47. Kf3 Bc6+ 1/2-1/2

[Event "NRW Class2 1314"]
[Site "Germany"]
[Date "2013.12.08"]
[Round "4.8"]
[White "Kortenbusch, Christoph"]
[Black "Laurenz, Waldemar"]
[Result "0-1"]
[WhiteElo "2048"]
[BlackElo "1922"]
[PlyCount "82"]
[EventDate "2013.09.15"]
[EventType "team-tourn"]
[EventRounds "9"]
[EventCountry "GER"]
[SourceTitle "EXT 2015"]
[Source "ChessBase"]
[SourceDate "2014.11.20"]
[SourceVersion "1"]
[SourceVersionDate "2014.11.20"]
[SourceQuality "1"]
[WhiteTeam "Holsterhausen"]
[BlackTeam "Lippstadt Turm"]
[WhiteTeamCountry "GER"]
[BlackTeamCountry "GER"]

1. e4 c5 2. Nc3 Nc6 3. Bb5 g6 4. Bxc6 dxc6 5. d3 Bg7 6. Be3 b6 7. Qd2 Nf6 8. Bh6 Bxh6 9. Qxh6 Qd4 10. Qd2 e5 11. h3 Qd6 12. Nge2 b5 13. f4 b4 14. Nd1 0-0 15. Ne3 Ba6 16. b3 Rad8 17. Nf1 Nh5 18. f5 Nf4 19. Ne3 Rd7 20. 0-0 g5 21. Kh2 f6 22. Ng1 Bb5 23. Qd1 Rfd8 24. Nc4 Bxc4 25. bxc4 g4 26. hxg4 Qf8 27. Rf3 Qh6+ 28. Nh3 Rg7 29. Rg3 Qh4 30. Qf3 Kh8 31. a3 b3 32. Kg1 Ne2+ 33. Qxe2 Qxg3 34. g5 bxc2 35. Qxc2 Qe3+ 36. Kh2 fxg5 37. Nf2 g4 38. g3 Rg5 39. Qb2 Rh5+ 40. Kg2 Qf3+ 41. Kf1 Rh1# 0-1

[Event "NRW Class2 1314"]
[Site "Germany"]
[Date "2013.10.06"]
[Round "2.7"]
[White "Hachmeister, Dirk"]
[Black "Kortenbusch, Christoph"]
[Result "1-0"]
[WhiteElo "2188"]
[BlackElo "2048"]
[PlyCount "73"]
[EventDate "2013.09.15"]
[EventType "team-tourn"]
[EventRounds "9"]
[EventCountry "GER"]
[SourceTitle "EXT 2015"]
[Source "ChessBase"]
[SourceDate "2014.11.20"]
[SourceVersion "1"]
[SourceVersionDate "2014.11.20"]
[SourceQuality "1"]
[WhiteTeam "Neuenkirchen"]
[BlackTeam "Holsterhausen"]
[WhiteTeamCountry "GER"]
[BlackTeamCountry "GER"]

1. Nf3 c5 2. c4 Nf6 3. g3 g6 4. Bg2 Bg7 5. 0-0 0-0 6. d4 cxd4 7. Nxd4 Nc6 8. Nc3 d6 9. Nxc6 bxc6 10. Qc2 Rb8 11. Rb1 Qa5 12. Bd2 Qh5 13. b3 Bf5 14. e4 Bh3 15. f3 Bxg2 16. Kxg2 d5 17. e5 Nd7 18. f4 Nb6 19. cxd5 cxd5 20. Qd3 Qf5 21. Qxf5 gxf5 22. Be3 e6 23. Rbc1 f6 24. exf6 Bxf6 25. Nb5 Rb7 26. Rc6 d4 27. Nxd4 Nd5 28. Bg1 Nb4 29. Rxe6 Nxa2 30. Nxf5 Rxb3 31. Bc5 Rc8 32. Rxf6 Rxc5 33. Re1 Rb8 34. Re7 a5 35. Nh6+ Kh8 36. Rff7 Rb2+ 37. Kh3 1-0

[Event "Ruhrgebiet Regionalliga 1213"]
[Site "Nordrheinwestfalen"]
[Date "2013.02.10"]
[Round "6.6"]
[White "Becker, Marco"]
[Black "Kortenbusch, Christoph"]
[Result "1/2-1/2"]
[WhiteElo "1905"]
[BlackElo "2035"]
[PlyCount "106"]
[EventDate "2012.09.09"]
[EventType "team-tourn"]
[EventRounds "9"]
[EventCountry "GER"]
[SourceTitle "EXT 2020"]
[Source "ChessBase"]
[SourceDate "2019.10.17"]
[SourceVersion "1"]
[SourceVersionDate "2019.10.17"]
[SourceQuality "1"]
[WhiteTeam "Horst Emscher"]
[BlackTeam "Holsterhausen SK"]
[WhiteTeamCountry "GER"]
[BlackTeamCountry "GER"]

1. e4 c5 2. g3 g6 3. Bg2 Bg7 4. Ne2 Nc6 5. 0-0 e5 6. d3 Nge7 7. f4 d5 8. Nbc3 d4 9. Nb1 0-0 10. Nd2 Be6 11. fxe5 Nxe5 12. Nf4 Bg4 13. Nf3 g5 14. Ne2 h6 15. h3 Nxf3+ 16. Bxf3 Bxh3 17. Rf2 Qd7 18. g4 Be5 19. Nf4 gxf4 20. Kh2 Ng6 21. Kxh3 Kg7 22. Rh2 h5 23. Kg2 hxg4 24. Bxg4 Qe7 25. Rh5 Rh8 26. Bd2 Rxh5 27. Bxh5 Rh8 28. Qg4 Qh4 29. Rh1 Qxg4+ 30. Bxg4 Rxh1 31. Kxh1 Kf6 32. Kg2 Kg5 33. Kh3 b6 34. Bd7 Nh4 35. Bg4 f5 36. exf5 Nxf5 37. Bf3 Ne3 38. c3 dxc3 39. bxc3 Nf1 40. Be1 Ng3 41. Kg2 Nf5 42. Kf2 Nd6 43. Bc6 a6 44. a4 b5 45. axb5 Nxb5 46. c4 Nc3 47. Kf3 Kf5 48. Bd7+ Kg5 49. Bc6 a5 50. Bd7 Kf6 51. Bxc3 Bxc3 52. Kxf4 Ke7 53. Ba4 Kd6 1/2-1/2

[Event "Ruhrgebiet Regionalliga 1112"]
[Site "Nordrheinwestfalen"]
[Date "2012.03.18"]
[Round "8.6"]
[White "Zeldin, Vitali"]
[Black "Kortenbusch, Christoph"]
[Result "1/2-1/2"]
[WhiteElo "1990"]
[BlackElo "2028"]
[PlyCount "22"]
[EventDate "2011.09.25"]
[EventType "team-tourn"]
[EventRounds "9"]
[EventCountry "GER"]
[SourceTitle "EXT 2020"]
[Source "ChessBase"]
[SourceDate "2019.10.17"]
[SourceVersion "1"]
[SourceVersionDate "2019.10.17"]
[SourceQuality "1"]
[WhiteTeam "Bochum SG III"]
[BlackTeam "Holsterhausen SK"]
[WhiteTeamCountry "GER"]
[BlackTeamCountry "GER"]

1. e4 c5 2. f4 d5 3. exd5 Qxd5 4. Nc3 Qd6 5. Nf3 Nc6 6. Bb5 a6 7. Bxc6+ Qxc6 8. 0-0 Bg4 9. h3 Bxf3 10. Qxf3 Qxf3 11. Rxf3 g6 1/2-1/2

[Event "Ruhrgebiet Regionalliga 1112"]
[Site "Nordrheinwestfalen"]
[Date "2012.02.19"]
[Round "7.6"]
[White "Kortenbusch, Christoph"]
[Black "Rohel, Markus"]
[Result "1/2-1/2"]
[WhiteElo "2028"]
[BlackElo "2059"]
[PlyCount "45"]
[EventDate "2011.09.25"]
[EventType "team-tourn"]
[EventRounds "9"]
[EventCountry "GER"]
[SourceTitle "EXT 2020"]
[Source "ChessBase"]
[SourceDate "2019.10.17"]
[SourceVersion "1"]
[SourceVersionDate "2019.10.17"]
[SourceQuality "1"]
[WhiteTeam "Holsterhausen SK"]
[BlackTeam "Oberhausen SV II"]
[WhiteTeamCountry "GER"]
[BlackTeamCountry "GER"]

1. c4 e5 2. Nc3 Nc6 3. g3 g6 4. Bg2 Bg7 5. Rb1 a5 6. a3 f5 7. b4 axb4 8. axb4 Nf6 9. b5 Ne7 10. Qb3 d6 11. d3 h6 12. Nf3 Be6 13. Nd2 Rb8 14. 0-0 0-0 15. Ba3 c6 16. bxc6 Nxc6 17. Bxc6 bxc6 18. Qxb8 Qxb8 19. Rxb8 Rxb8 20. Bxd6 Rb2 21. Rd1 e4 22. Ndb1 Ng4 23. Bc5 1/2-1/2

[Event "Ruhrgebiet Regionalliga 1112"]
[Site "Nordrheinwestfalen"]
[Date "2011.12.18"]
[Round "5.6"]
[White "Kortenbusch, Christoph"]
[Black "Becker, Marco"]
[Result "1-0"]
[WhiteElo "2028"]
[BlackElo "1937"]
[PlyCount "41"]
[EventDate "2011.09.25"]
[EventType "team-tourn"]
[EventRounds "9"]
[EventCountry "GER"]
[SourceTitle "EXT 2020"]
[Source "ChessBase"]
[SourceDate "2019.10.17"]
[SourceVersion "1"]
[SourceVersionDate "2019.10.17"]
[SourceQuality "1"]
[WhiteTeam "Holsterhausen SK"]
[BlackTeam "Horst Emscher"]
[WhiteTeamCountry "GER"]
[BlackTeamCountry "GER"]

1. e4 c6 2. d4 d5 3. exd5 Qxd5 4. Nf3 Bg4 5. Be2 e6 6. Bf4 Nf6 7. 0-0 Be7 8. h3 Bxf3 9. Bxf3 Qf5 10. Bh2 0-0 11. c4 Nbd7 12. Qb3 e5 13. Qxb7 Rab8 14. Qxa7 Rxb2 15. Nc3 exd4 16. Qxd4 Bc5 17. Qf4 Qc2 18. Rac1 Bxf2+ 19. Kh1 Qg6 20. Nd1 Nh5 21. Bxh5 1-0

[Event "Ruhrgebiet Verbandsliga2 1011"]
[Site "Nordrheinwestfalen"]
[Date "2011.04.10"]
[Round "9.5"]
[White "Kortenbusch, Christoph"]
[Black "Bommert, Christian"]
[Result "1-0"]
[WhiteElo "1989"]
[BlackElo "1779"]
[PlyCount "59"]
[EventDate "2010.09.12"]
[EventType "team-tourn"]
[EventRounds "9"]
[EventCountry "GER"]
[SourceTitle "EXT 2020"]
[Source "ChessBase"]
[SourceDate "2019.10.17"]
[SourceVersion "1"]
[SourceVersionDate "2019.10.17"]
[SourceQuality "1"]
[WhiteTeam "Holsterhausen SK"]
[BlackTeam "Dortmund FS 98"]
[WhiteTeamCountry "GER"]
[BlackTeamCountry "GER"]

1. e4 d5 2. Nc3 dxe4 3. Nxe4 Qd5 4. Nc3 Qa5 5. g3 Nf6 6. Bg2 c6 7. Nf3 Bf5 8. 0-0 e6 9. Re1 Nbd7 10. d4 Bb4 11. Bd2 0-0 12. Ne5 Rad8 13. Nc4 Qa6 14. Bf1 b5 15. Ne3 Bxc3 16. bxc3 Bg6 17. a4 Qb6 18. axb5 cxb5 19. c4 Qxd4 20. Bb4 Qxd1 21. Rexd1 Rfe8 22. cxb5 Rc8 23. Rxa7 Ne5 24. Bg2 Bxc2 25. Nxc2 Rxc2 26. b6 Nc6 27. Bxc6 Rxc6 28. b7 Rb6 29. Ba5 Rb2 30. Bc3 1-0

[Event "Ruhrgebiet Verbandsliga2 1011"]
[Site "Nordrheinwestfalen"]
[Date "2011.03.20"]
[Round "8.5"]
[White "Wloka, Sebastian"]
[Black "Kortenbusch, Christoph"]
[Result "0-1"]
[WhiteElo "1931"]
[BlackElo "1989"]
[PlyCount "148"]
[EventDate "2010.09.12"]
[EventType "team-tourn"]
[EventRounds "9"]
[EventCountry "GER"]
[SourceTitle "EXT 2020"]
[Source "ChessBase"]
[SourceDate "2019.10.17"]
[SourceVersion "1"]
[SourceVersionDate "2019.10.17"]
[SourceQuality "1"]
[WhiteTeam "Eichlinghofen SV"]
[BlackTeam "Holsterhausen SK"]
[WhiteTeamCountry "GER"]
[BlackTeamCountry "GER"]

1. d4 Nf6 2. Bg5 Ne4 3. Bf4 c5 4. f3 Qa5+ 5. c3 Nf6 6. Nd2 cxd4 7. Nb3 Qb6 8. Qxd4 Nc6 9. Qxb6 axb6 10. Nd4 e5 11. Nxc6 exf4 12. Nd4 Nd5 13. Nh3 Bc5 14. a3 d6 15. g3 Bxd4 16. Rd1 Ne3 17. Rxd4 Nc2+ 18. Kd2 Nxd4 19. cxd4 Ra4 20. Nxf4 Rxd4+ 21. Kc3 Ra4 22. e4 Ra5 23. Nd5 Rc5+ 24. Kd2 Be6 25. Nxb6 0-0 26. Na4 Rc7 27. Bd3 f5 28. Re1 fxe4 29. Rxe4 Bd5 30. Rd4 Bc6 31. f4 Rf6 32. Nb6 g6 33. b4 Kg7 34. b5 Bg2 35. Bc4 d5 36. Bxd5 Rxb6 37. Bxg2 Rxb5 38. Rb4 Rxb4 39. axb4 b6 40. b5 Rc5 41. Bf1 Kf6 42. g4 Rd5+ 43. Ke3 Rd1 44. Kf2 Rd2+ 45. Be2 Rb2 46. Ke3 Rb3+ 47. Bd3 g5 48. fxg5+ Kxg5 49. h3 Kh4 50. Kd4 Rxd3+ 51. Kxd3 Kxh3 52. Kd4 Kxg4 53. Kd5 h5 54. Kc6 h4 55. Kxb6 h3 56. Kc7 h2 57. b6 h1Q 58. b7 Qc1+ 59. Kd8 Qd2+ 60. Kc7 Qc3+ 61. Kd8 Qd4+ 62. Kc7 Qc5+ 63. Kd8 Qb6+ 64. Kc8 Qc6+ 65. Kb8 Kf5 66. Ka7 Qa4+ 67. Kb6 Qb4+ 68. Kc7 Qc5+ 69. Kd8 Qb6+ 70. Kc8 Qc6+ 71. Kb8 Ke6 72. Ka7 Qc7 73. Ka8 Qa5+ 74. Kb8 Kd6 0-1

[Event "Ruhrgebiet Verbandsliga2 1011"]
[Site "Nordrheinwestfalen"]
[Date "2011.02.06"]
[Round "6.5"]
[White "Kortenbusch, Christoph"]
[Black "Wickenfeld, Stefan"]
[Result "0-1"]
[WhiteElo "1989"]
[BlackElo "2090"]
[PlyCount "64"]
[EventDate "2010.09.12"]
[EventType "team-tourn"]
[EventRounds "9"]
[EventCountry "GER"]
[SourceTitle "EXT 2020"]
[Source "ChessBase"]
[SourceDate "2019.10.17"]
[SourceVersion "1"]
[SourceVersionDate "2019.10.17"]
[SourceQuality "1"]
[WhiteTeam "Holsterhausen SK"]
[BlackTeam "Herne Sodingen II"]
[WhiteTeamCountry "GER"]
[BlackTeamCountry "GER"]

1. e4 c6 2. d4 d5 3. e5 c5 4. dxc5 e6 5. Nf3 Bxc5 6. Bd3 Nc6 7. 0-0 f6 8. Bf4 g5 9. Nxg5 fxg5 10. Qh5+ Kd7 11. Bxg5 Qe8 12. Qh3 Nxe5 13. Bb5+ Nc6 14. Qc3 Be7 15. Qxh8 Bxg5 16. Qxh7+ Nge7 17. c4 Kc7 18. Nc3 d4 19. Ne2 Bf6 20. Qe4 Qh5 21. Rad1 e5 22. Ng3 Qh6 23. f4 Be6 24. Bxc6 Nxc6 25. b3 Rh8 26. h3 Rg8 27. Rd3 Bxh3 28. fxe5 Bxe5 29. Rf7+ Kb6 30. Qh7 Qc1+ 31. Rf1 Qc2 32. gxh3 Rxg3+ 0-1

[Event "Ruhrgebiet Verbandsliga2 1011"]
[Site "Nordrheinwestfalen"]
[Date "2011.01.16"]
[Round "5.5"]
[White "Weinert, Christian"]
[Black "Kortenbusch, Christoph"]
[Result "0-1"]
[WhiteElo "1905"]
[BlackElo "1989"]
[PlyCount "60"]
[EventDate "2010.09.12"]
[EventType "team-tourn"]
[EventRounds "9"]
[EventCountry "GER"]
[SourceTitle "EXT 2020"]
[Source "ChessBase"]
[SourceDate "2019.10.17"]
[SourceVersion "1"]
[SourceVersionDate "2019.10.17"]
[SourceQuality "1"]
[WhiteTeam "Mengede SG"]
[BlackTeam "Holsterhausen SK"]
[WhiteTeamCountry "GER"]
[BlackTeamCountry "GER"]

1. d4 Nf6 2. Nf3 c5 3. c3 e6 4. Bf4 d5 5. e3 Nc6 6. Nbd2 Bd6 7. Ne5 Qc7 8. Nxc6 Bxf4 9. exf4 bxc6 10. g3 Qb6 11. Qa4 cxd4 12. cxd4 Bd7 13. Nb3 c5 14. dxc5 Bxa4 15. cxb6 axb6 16. Nd4 Ne4 17. Bd3 Nc5 18. Kd2 Kd7 19. Rhc1 Kd6 20. Rc3 Bd7 21. a3 Rhc8 22. Rac1 h6 23. b4 Nxd3 24. Rxc8 Bxc8 25. Nb5+ Ke7 26. Kxd3 Bd7 27. Nd4 Rxa3+ 28. Ke2 Ra2+ 29. Ke3 Rb2 30. Rc7 Kd6 0-1

[Event "Ruhrgebiet Verbandsliga2 1011"]
[Site "Nordrheinwestfalen"]
[Date "2010.09.12"]
[Round "1.4"]
[White "Kortenbusch, Christoph"]
[Black "Henrichs, Wenke"]
[Result "1-0"]
[WhiteElo "1989"]
[BlackElo "1957"]
[PlyCount "99"]
[EventDate "2010.09.12"]
[EventType "team-tourn"]
[EventRounds "9"]
[EventCountry "GER"]
[SourceTitle "EXT 2020"]
[Source "ChessBase"]
[SourceDate "2019.10.17"]
[SourceVersion "1"]
[SourceVersionDate "2019.10.17"]
[SourceQuality "1"]
[WhiteTeam "Holsterhausen SK"]
[BlackTeam "Wattenscheid SV IV"]
[WhiteTeamCountry "GER"]
[BlackTeamCountry "GER"]

1. e4 c5 2. Nf3 d6 3. Bb5+ Bd7 4. a4 Nc6 5. 0-0 Nf6 6. Re1 e5 7. c3 Be7 8. d4 0-0 9. d5 Nb8 10. Nbd2 Ne8 11. Qb3 g6 12. Bxd7 Qxd7 13. Nc4 Qc7 14. Bh6 Ng7 15. Rac1 Nd7 16. Qa2 b6 17. b4 Kh8 18. Nfd2 f5 19. b5 Rg8 20. f4 fxe4 21. Bxg7+ Rxg7 22. fxe5 dxe5 23. Nxe4 Qd8 24. Rf1 Qg8 25. Ne3 Rf8 26. Rxf8 Qxf8 27. Rf1 Qg8 28. Rf2 h6 29. a5 Bd8 30. a6 Rf7 31. Rxf7 Qxf7 32. Qf2 Qf4 33. Qf3 Kg7 34. Nc4 Nf6 35. Qxf4 exf4 36. Nxf6 Kxf6 37. Kf2 Bc7 38. Kf3 g5 39. Ke4 h5 40. h3 Bb8 41. Nb2 g4 42. hxg4 hxg4 43. Nd3 f3 44. gxf3 g3 45. Ne1 Be5 46. c4 Bd6 47. f4 Kg6 48. Kf3 Kf5 49. Ng2 Be7 50. Ne3+ 1-0

[Event "Ruhrgebiet VL1 0910"]
[Site "Germany"]
[Date "2009.12.06"]
[Round "4.6"]
[White "Ivannikova, Svetlana"]
[Black "Kortenbusch, Christoph"]
[Result "0-1"]
[WhiteElo "2159"]
[BlackElo "2064"]
[PlyCount "98"]
[EventDate "2009.09.06"]
[EventType "team-tourn"]
[EventRounds "9"]
[EventCountry "GER"]
[SourceTitle "EXT 2011"]
[Source "ChessBase"]
[SourceDate "2010.11.26"]
[SourceVersion "1"]
[SourceVersionDate "2010.11.26"]
[SourceQuality "1"]
[WhiteTeam "Dortmund"]
[BlackTeam "Holsterhausen"]
[WhiteTeamCountry "GER"]
[BlackTeamCountry "GER"]

1. d4 c5 2. c3 e6 3. Nf3 Nc6 4. e4 d5 5. e5 Qb6 6. Qb3 Nge7 7. Qxb6 axb6 8. Bb5 Bd7 9. Bxc6 bxc6 10. 0-0 cxd4 11. cxd4 c5 12. Nc3 Nc6 13. Be3 Be7 14. Rfc1 0-0 15. Ne2 Na5 16. Nd2 Rfc8 17. f4 Bb5 18. Kf2 Bxe2 19. Kxe2 c4 20. Rc2 Nc6 21. a3 b5 22. Rcc1 Ra4 23. Rab1 Bd8 24. g4 Bb6 25. Nf3 Rb8 26. f5 Na5 27. fxe6 fxe6 28. Ng5 Nb3 29. Rd1 Re8 30. Nf3 h6 31. Ne1 b4 32. axb4 Rxb4 33. Nc2 Ra4 34. Na1 Nxa1 35. Rxa1 Rea8 36. Rxa4 Rxa4 37. Rd2 Ra2 38. Kf3 Ba5 39. Rf2 Kf7 40. g5 h5 41. Bc1 Kg6 42. Re2 Kf5 43. Be3 c3 44. Bc1 Ra1 45. Rc2 cxb2 46. Bxb2 Rf1+ 47. Kg2 Rd1 48. Kf3 Rd2 49. Rxd2 Bxd2 0-1

[Event "Muensterland Verbandsliga 0809"]
[Site "Germany"]
[Date "2009.04.25"]
[Round "9.3"]
[White "Niermann, Rainer"]
[Black "Kortenbusch, Christoph"]
[Result "1/2-1/2"]
[WhiteElo "2125"]
[BlackElo "2064"]
[PlyCount "82"]
[EventDate "2008.09.20"]
[EventType "team-tourn"]
[EventRounds "9"]
[EventCountry "GER"]
[SourceTitle "EXT 2010"]
[Source "ChessBase"]
[SourceDate "2010.11.25"]
[SourceVersion "1"]
[SourceVersionDate "2010.11.25"]
[SourceQuality "1"]
[WhiteTeam "Muenster SK II"]
[BlackTeam "Olfen"]
[WhiteTeamCountry "GER"]
[BlackTeamCountry "GER"]

1. e4 c5 2. Nf3 d6 3. d4 cxd4 4. Nxd4 Nf6 5. Nc3 g6 6. g3 Bg7 7. Bg2 0-0 8. h3 Nc6 9. Nxc6 bxc6 10. e5 dxe5 11. Bxc6 Rb8 12. Qxd8 Rxd8 13. Rb1 Bf5 14. Ba4 Ne4 15. Nxe4 Bxe4 16. 0-0 Rdc8 17. Rd1 Rxc2 18. Bxc2 Bxc2 19. Be3 e4 20. Bxa7 Ra8 21. Bc5 Bxd1 22. Rxd1 Bxb2 23. Bxe7 Rxa2 24. Rd8+ Kg7 25. Bf8+ Kf6 26. Rd6+ Kf5 27. g4+ Ke5 28. Rd2 Ke6 29. Kg2 Ra8 30. Rxb2 Rxf8 31. Kg3 Ra8 32. Kf4 Ra3 33. h4 Rh3 34. Rb6+ Kd5 35. Rb5+ Ke6 36. Rb6+ Kd5 37. Rb5+ Kc4 38. Re5 Rf3+ 39. Kxe4 Rxf2 40. Ra5 h6 41. h5 Re2+ 1/2-1/2

[Event "Muensterland Verbandsliga 0809"]
[Site "Germany"]
[Date "2008.11.15"]
[Round "3.3"]
[White "Kortenbusch, Christoph"]
[Black "Darwisch, Mohamed"]
[Result "0-1"]
[WhiteElo "2064"]
[BlackElo "1963"]
[PlyCount "84"]
[EventDate "2008.09.20"]
[EventType "team-tourn"]
[EventRounds "9"]
[EventCountry "GER"]
[SourceTitle "EXT 2010"]
[Source "ChessBase"]
[SourceDate "2010.11.25"]
[SourceVersion "1"]
[SourceVersionDate "2010.11.25"]
[SourceQuality "1"]
[WhiteTeam "Olfen"]
[BlackTeam "Ahaus Wessum"]
[WhiteTeamCountry "GER"]
[BlackTeamCountry "GER"]

1. e4 g6 2. d4 Bg7 3. Nc3 c6 4. Nf3 d5 5. h3 dxe4 6. Nxe4 Nd7 7. Bc4 Ngf6 8. Qe2 Nxe4 9. Qxe4 0-0 10. Bg5 Nf6 11. Qh4 Bf5 12. 0-0-0 b5 13. Bb3 a5 14. a4 bxa4 15. Bxa4 Qb6 16. Ne5 Rab8 17. b3 Rfc8 18. Rhe1 Qb4 19. Nc4 Qc3 20. Re2 Nd5 21. Bxe7 Nxe7 22. Qxe7 Bh6+ 23. Ne3 Bf8 24. Nxf5 Bxe7 25. Nxe7+ Kg7 26. Nxc8 Rxc8 27. Rd3 Qb4 28. Re5 c5 29. Rxc5 Rxc5 30. dxc5 Qxc5 31. f4 Qg1+ 32. Kb2 Qxg2 33. f5 Qe4 34. fxg6 hxg6 35. Bd7 Qe5+ 36. Ka2 f5 37. Bc6 Qc5 38. Rd7+ Kf6 39. Ba4 Qxc2+ 40. Ka3 Qc3 41. Rd6+ Ke5 42. Rxg6 Qa1# 0-1